<?xml version="1.0" encoding="UTF-8"?>
<collection xmlns="http://www.loc.gov/MARC21/slim">
<record>
  <controlfield tag="001">109728</controlfield>
  <controlfield tag="005">20220210105243.0</controlfield>
  <datafield tag="037" ind1=" " ind2=" ">
    <subfield code="a">TAZ-TFM-2021-1635</subfield>
  </datafield>
  <datafield tag="041" ind1=" " ind2=" ">
    <subfield code="a">spa</subfield>
  </datafield>
  <datafield tag="100" ind1="1" ind2=" ">
    <subfield code="a">Cruz Cuenca, Luis</subfield>
  </datafield>
  <datafield tag="242" ind1="0" ind2="0">
    <subfield code="a">Sedimentology and diagenesis of gypsum facies with alabaster in the central sector of the Ebro Basin</subfield>
  </datafield>
  <datafield tag="245" ind1="0" ind2="0">
    <subfield code="a">Sedimentología y diagénesis de los niveles yesíferos con alabastro en el tramo central del Valle del Ebro</subfield>
  </datafield>
  <datafield tag="260" ind1=" " ind2=" ">
    <subfield code="a">Zaragoza</subfield>
    <subfield code="b">Universidad de Zaragoza</subfield>
    <subfield code="c">2021</subfield>
  </datafield>
  <datafield tag="506" ind1=" " ind2=" ">
    <subfield code="a">by-nc-sa</subfield>
    <subfield code="b">Creative Commons</subfield>
    <subfield code="c">3.0</subfield>
    <subfield code="u">http://creativecommons.org/licenses/by-nc-sa/3.0/</subfield>
  </datafield>
  <datafield tag="520" ind1=" " ind2=" ">
    <subfield code="a">Las evaporitas del Valle Medio de la Cuenca del Ebro han sido estudiadas a lo largo del último siglo, pero siguen subsistiendo problemas básicos sin resolver tales como: una sedimentología compleja, la ausencia en superficie de minerales básicos de las rocas e ignorancia sobre las texturas previas, la presencia de cambios mineralógicos todavía mal comprendidos como el tránsito yeso-anhidrita-yeso,  y el desconocimiento sobre la génesis del alabastro. Para abordar estos problemas, realizamos estudios concretos con perfiles sedimentológico/petrológicos, estudiando los subambientes más característicos donde precipitan evaporitas en contexto de lago continental endorreico: distal/margen lacustre (Jaulín, Gelsa, Fuentes), lago salino central (Juslibol), y abanico aluvial/delta lacustre (Botorrita). En estas zonas establecemos secuencias tipo en los materiales evaporíticos, con estudio de la evolución vertical, lateral y de estructuras sedimentarias. &lt;br />En Botorrita, encontramos pruebas de precipitación de anhidrita primaria y posterior paso a yeso alabastrino en la sindiagénesis temprana dentro de huellas de retracción horizontales y subverticales en secuencias de suelos vérticos en facies detríticas distales/proximales. A su vez, interpretamos la presencia de nódulos de yeso alabastrino translúcido en dolomita en Jaulín como un proceso diagenético temprano donde precipita anhidrita. En Fuentes de Ebro, los micronódulos enterolíticos de anhidrita tendrían un origen primario, los macronódulos anhidríticos anadiagenético, y los nódulos alabastrinos un origen epidiagenético subactual (a profundidades de entre 50-100 m) por yesificación de estos últimos, siendo que las condiciones sindiagenéticas para revertir a la anhidrita en yeso en esta zona fueron leves (yesificación parcial). Así mismo, determinamos un origen sindiagenético de los nódulos pequeños en toda la zona estudiada, y meganódulos de Gelsa. El factor determinante para la formación de anhidrita ha sido el quimismo del agua, no el enterramiento. El alabastro, por tanto, se formaría en la sindiagénesis, a excepción de la zona de Fuentes de Ebro (epidiagénesis subactual).&lt;br />&lt;br /></subfield>
  </datafield>
  <datafield tag="521" ind1=" " ind2=" ">
    <subfield code="a">Máster en Geología: Técnicas y aplicaciones</subfield>
  </datafield>
  <datafield tag="540" ind1=" " ind2=" ">
    <subfield code="a">Derechos regulados por licencia Creative Commons</subfield>
  </datafield>
  <datafield tag="700" ind1=" " ind2=" ">
    <subfield code="a">Gisbert Aguilar, Josep</subfield>
    <subfield code="e">dir.</subfield>
  </datafield>
  <datafield tag="710" ind1="2" ind2=" ">
    <subfield code="a">Universidad de Zaragoza</subfield>
    <subfield code="b">Ciencias de la Tierra</subfield>
    <subfield code="c">Petrología y Geoquímica</subfield>
  </datafield>
  <datafield tag="856" ind1="0" ind2=" ">
    <subfield code="f">822302@unizar.es</subfield>
  </datafield>
  <datafield tag="856" ind1="4" ind2=" ">
    <subfield code="s">4853396</subfield>
    <subfield code="u">http://zaguan.unizar.es/record/109728/files/TAZ-TFM-2021-1635.pdf</subfield>
    <subfield code="y">Memoria (spa)</subfield>
  </datafield>
  <datafield tag="856" ind1="4" ind2=" ">
    <subfield code="s">496737</subfield>
    <subfield code="u">http://zaguan.unizar.es/record/109728/files/TAZ-TFM-2021-1635_ANE.pdf</subfield>
    <subfield code="y">Anexos (spa)</subfield>
  </datafield>
  <datafield tag="909" ind1="C" ind2="O">
    <subfield code="o">oai:zaguan.unizar.es:109728</subfield>
    <subfield code="p">driver</subfield>
    <subfield code="p">trabajos-fin-master</subfield>
  </datafield>
  <datafield tag="950" ind1=" " ind2=" ">
    <subfield code="a"></subfield>
  </datafield>
  <datafield tag="980" ind1=" " ind2=" ">
    <subfield code="a">TAZ</subfield>
    <subfield code="b">TFM</subfield>
    <subfield code="c">CIEN</subfield>
  </datafield>
  <datafield tag="999" ind1=" " ind2=" ">
    <subfield code="a">20211203173909.CREATION_DATE</subfield>
  </datafield>
  <datafield tag="951" ind1=" " ind2=" ">
    <subfield code="a">deposita:2022-02-10</subfield>
  </datafield>
</record>
</collection>